Hegel y el hegelianismo.
Sparad:
| Huvudupphovsman: | |
|---|---|
| Övriga upphovsmän: | |
| Materialtyp: | Bok |
| Språk: | engelska |
| Publicerad: |
Buenos Aires, Argentina:
EUDEBA,
1964.
|
| Serie: | Cuadernos de EUDEBA,
126. |
| Ämnen: | |
| Taggar: |
Lägg till en tagg
Inga taggar, Lägg till första taggen!
|
MARC
| LEADER | 00000nam a22000007a 4500 | ||
|---|---|---|---|
| 003 | CL-VaPUC | ||
| 005 | 20230421074441.0 | ||
| 008 | 220318t1964 ||||| |||| 00| 0 eng d | ||
| 999 | |c 434955 |d 434953 | ||
| 040 | |c Pontificia Universidad Católica de Valparaíso | ||
| 082 | |a 193 SER 1964 |2 22 | ||
| 100 | |a Serreau, René |9 329810 |e autor | ||
| 245 | |a Hegel y el hegelianismo. | ||
| 260 | |a Buenos Aires, Argentina: |b EUDEBA, |c 1964. | ||
| 300 | |a 105 páginas. | ||
| 490 | |a Cuadernos de EUDEBA, |v 126. | ||
| 500 | |a c.1 Donación Familia Prof. Alejandro Guzmán Brito. | ||
| 505 | |a Índice: - I. Los antecedentes del hegelianismo y los principios directores del sistema. - II. Los temas esenciales del sistema hegeliano. - III. El problema religioso y la escisión de la escuela hegeliana. - IV. El problema político: de Hegel a Marx. - V. El hegelianismo en Europa en el siglo XIX. - VI. Hegel y el pensamiento contemporáneo. | ||
| 583 | |c 20220318 |k Yessy Stephany Diaz Vidal | ||
| 600 | 0 | |a Hegel, Georg Wilhelm Friedrich |d 1770-1831 |9 860268 | |
| 650 | 0 | |a Filosofía moderna |9 258121 | |
| 650 | 0 | |a Filosofía alemana |9 265002 | |
| 700 | |a Sigal, León |e traducción |9 867374 | ||
| 942 | |2 ddc |c BK |n 0 | ||
| 952 | |0 0 |1 0 |2 ddc |4 0 |6 193_000000000000000_SER_1964 |7 0 |8 C_AGB |9 581958 |a BIBDER |b BIBDER |d 2022-03-18 |e Donación |i 5650290 |o 193 SER 1964 |p 5650290 |r 2023-01-25 |t 1 |w 2022-03-18 |y BK_US |k AGB | ||